000 00349nam a22001457a 4500
003 MACL
005 20190619163341.0
008 190619b xxu||||| |||| 00| 0 eng d
040 _cMACL
100 _aRicha Kumar
_975379
245 _aRethinking Revolutions
260 _aDelhi
_bOxford
_c2016
650 _aAgriculture
_975380
942 _2ddc
_cBK
999 _c60143
_d60143